| Tag |
First Indicator |
Second Indicator |
Subfields |
| LEADER |
00000cas a2200000 a 4500 |
| 001 |
in00002356021 |
| 005 |
20211202185310.0 |
| 006 |
m | |
| 007 |
cr ||||||||||| |
| 008 |
070911c200u9999gau|| |s s f| 0spa c |
| 010 |
|
|
|a 2007230394
|
| 035 |
|
|
|a (OCoLC)ocn170932490
|
| 037 |
|
|
|b Address: Centers for Disease Control and Prevention, 1600 Clifton Rd, Atlanta, GA 30333
|
| 040 |
|
|
|a GPO
|c GPO
|d MvI
|d UtOrBLW
|
| 041 |
1 |
|
|a spa
|h eng
|
| 042 |
|
|
|a lcd
|
| 043 |
|
|
|a n-us---
|
| 049 |
|
|
|a WWW
|
| 074 |
|
|
|a 0494-K-12 (online)
|
| 086 |
0 |
|
|a HE 20.7320/3:M 52/SPAN.
|
| 245 |
0 |
3 |
|a El VIH/SIDA entre hombres que tienen relaciones sexuales con hombres.
|
| 246 |
1 |
3 |
|a VIH SIDA entre hombres que tienen relaciones sexuales con hombres
|
| 264 |
|
1 |
|a Atlanta, GA :
|b Departamento de Salud y Servicios Humanos, Centros para el Control y la Prevención de Enfermedades.
|
| 300 |
|
|
|b HTML files.
|
| 310 |
|
|
|a Annual
|
| 336 |
|
|
|a text
|b txt
|2 rdacontent
|
| 337 |
|
|
|a computer
|b c
|2 rdamedia
|
| 338 |
|
|
|a online resource
|b cr
|2 rdacarrier
|
| 516 |
8 |
|
|a HTML format
|
| 538 |
|
|
|a Mode of access: World Wide Web from the CDC web site. Address as of 9/11/07: http://www.cdc.gov/hiv/spanish/resources/factsheets/msm.htm; current access is available via PURL.
|
| 500 |
|
|
|a Description based on: Revisado en junio de 2007; title from caption (viewed on Sept. 11, 2007).
|
| 500 |
|
|
|a Electronic resource.
|
| 650 |
|
0 |
|a AIDS (Disease)
|x Transmission
|z United States
|v Statistics
|v Periodicals.
|
| 650 |
|
0 |
|a AIDS (Disease)
|x Risk factors
|z United States
|v Statistics
|v Periodicals.
|
| 650 |
|
0 |
|a AIDS (Disease)
|z United States
|x Epidemiology
|v Statistics
|v Periodicals.
|
| 650 |
|
0 |
|a HIV infections
|z United States
|v Statistics
|v Periodicals.
|
| 650 |
|
0 |
|a Gay men
|x Diseases
|z United States
|v Periodicals.
|
| 650 |
|
0 |
|a Gay men
|x Sexual behavior
|z United States
|v Periodicals.
|
| 650 |
|
0 |
|a Men
|x Sexual behavior
|z United States
|v Periodicals.
|
| 775 |
0 |
|
|t HIV/AIDS among men who have sex with men
|w (DLC) 2007230393
|w (OCoLC)170925385
|
| 710 |
2 |
|
|a Centers for Disease Control and Prevention (U.S.)
|
| 730 |
0 |
|
|a HIV/AIDS among men who have sex with men.
|l Spanish.
|
| 856 |
4 |
0 |
|3 Latest issue only:
|u https://purl.fdlp.gov/GPO/LPS85979
|t 0
|
| 999 |
|
|
|a MARS
|
| 999 |
f |
f |
|s f9b0f21e-71f5-31cc-a4c5-fb944d9719bc
|i c900b43e-465d-3160-9a9b-18161f02fe00
|t 0
|
| 952 |
f |
f |
|a Texas A&M University
|b College Station
|c Electronic Resources
|d Available Online
|t 0
|e HE 20.7320/3:M 52/SPAN.
|h Superintendent of Documents classification
|
| 998 |
f |
f |
|a HE 20.7320/3:M 52/SPAN.
|t 0
|l Available Online
|